000 02060cam a22005414i 4500
003 PE-LiUPU
005 20250731165608.0
008 150706s r 000 0 d
020 _a9586483509
035 _a(Sirsi) i9789586483506
035 _a(Sirsi) i9789586483506
040 _aPE-LiUPU
_bspa
_cPE-LiUPU
_erda
049 _aPRUA
082 0 4 _a001.42
_bL49
_221
100 1 _aLerma González, Héctor Daniel ,
_eautor.
245 1 0 _aPresentación de informes :
_bel documento final de investigación /
_cHéctor Daniel Lerma González .
264 1 _aBogotá :
_bEcoe Ediciones,
_c2003.
300 _a93 páginas :
_bilustraciones ;
_c24 cm.
336 _atext
_2rdacontent
337 _aunmediated
_2rdamedia
338 _avolume
_2rdacarrier
504 _aIncluye Bibliografía.
505 0 _aElementos preliminares -- Cuerpo de trabajo -- Elementos complementarios -- Redacción de capítulos -- Lista Tablas -- Lista de Figuras -- Lista de Anexos.
526 _aSEG44
526 _aSEG26
526 _aP151
526 _aP150
526 _aP149
526 _aP146
526 _aP145
526 _aP126
526 _aP125
526 _aP92
526 _aP75
526 _aP74
526 _aP27
526 _aP15
541 _g001-001046;
650 0 4 _aMetodología científica.
_92427
650 0 4 _aRedacción de Informes
_xMetodología.
650 0 4 _aRedacción de informes técnicos.
910 _agl
_bjck
_d20101209
942 _2ddc
_cBOOK
949 _aPGE 001.42 L49
_wDEWEY
_c1
_i62373
_lPOSTGRADO
_mBUL
_p29.00
_r0
_sY
_tBOOK
_u2015-7-6
_xPOSGRADO
_PP57
_o.CIRCNOTE. No olvidar cambiar la fecha de devolución!!!!!!!
_o.STAFF. Colección General
994 _aC0
_bPEPRU
596 _a1
999 _aPGE 001.42 L49
_wDEWEY
_c51401
_i62373
_f2021-11-4
_g5
_lCCODEBUL1
_mBUL
_p29.00
_r0
_sY
_tBOOK
_u2015-7-6
_xBIBLIOTECA
_PP57
_0COMPRA
_o.CIRCNOTE. No olvidar cambiar la fecha de devolución!!!!!!!
_o.STAFF. Colección General
_d51401
980 _81
_gALBERTO SANCHEZ Responsable de Automatización